000 00311nam a22001217a 4500
008 171127b xxu||||| |||| 00| 0 eng d
041 _ager
080 _a7
100 _a45
101 _aART
245 _aGEMALDE, AQUARELLE, ZEICHNUNGEN, DRUCKGRAPHIK UND PLASTIK DES XX. JAHRHUNDERTS
_cALT.O
942 _2udc
_cBK
999 _c38565
_d38565